[Event "Las Americas op U2400 Hybrid"]
[Site "Internet"]
[Date "2022.06.04"]
[Round "2.6"]
[White "Flores Guerrero, Jesus Aldair"]
[Black "Mendes, Aaron Reeve"]
[Result "1/2-1/2"]
[WhiteElo "2169"]
[BlackElo "1726"]
[PlyCount "118"]
[GameId "1938555359588352"]
[EventDate "2022.06.04"]
[EventType "swiss"]
[EventRounds "6"]
[EventCountry "VEN"]
[SourceTitle "EXT 2024"]
[Source "ChessBase"]
[SourceDate "2023.10.10"]
[SourceVersion "1"]
[SourceVersionDate "2023.10.10"]
[SourceQuality "1"]

1. f4 d5 2. Nf3 Nf6 3. e3 c5 4. b3 e6 5. Bb2 Bd6 6. Bb5+ Bd7 7. Qe2 O-O 8. O-O a6 9. Bxd7 Nbxd7 10. Ne5 Rc8 11. d4 Ne4 12. Nxd7 Qxd7 13. Nd2 Nxd2 14. Qxd2 c4 15. c3 cxb3 16. axb3 Qb5 17. b4 f5 18. h3 Rc4 19. g4 g6 20. Rf2 Rfc8 21. Rg2 Bc7 22. Qe2 Kf7 23. h4 a5 24. bxa5 Bxa5 25. h5 Qb6 26. gxf5 exf5 27. hxg6+ hxg6 28. Qf3 Rd8 29. Qh3 Rg8 30. Qh7+ Rg7 31. Qh8 Qd8 32. Qxd8 Bxd8 33. Ra8 Be7 34. Kf2 b5 35. Ke2 b4 36. Kd3 bxc3 37. Bxc3 g5 38. fxg5 Rxg5 39. Rb2 Rg3 40. Ra7 f4 41. Bd2 Rc6 42. Ke2 fxe3 43. Bxe3 Re6 44. Rb3 Kg6 45. Ra8 Bg5 46. Raa3 Kh5 47. Kf2 Rgxe3 48. Rxe3 Rxe3 49. Rxe3 Bxe3+ 50. Kxe3 Kg4 51. Kd2 Kf4 52. Kc3 Ke3 53. Kc2 Kxd4 54. Kd2 Ke4 55. Ke2 d4 56. Kd2 d3 57. Kd1 Ke3 58. Ke1 d2+ 59. Kd1 Kd3 1/2-1/2

[Event "Las Americas op U2400 Hybrid"]
[Site "Internet"]
[Date "2022.06.04"]
[Round "3.6"]
[White "Mendes, Aaron Reeve"]
[Black "Lopez Abreu, Michel Samuel"]
[Result "1/2-1/2"]
[WhiteElo "1726"]
[BlackElo "2085"]
[PlyCount "154"]
[GameId "1938555359666176"]
[EventDate "2022.06.04"]
[EventType "swiss"]
[EventRounds "6"]
[EventCountry "VEN"]
[SourceTitle "EXT 2024"]
[Source "ChessBase"]
[SourceDate "2023.10.10"]
[SourceVersion "1"]
[SourceVersionDate "2023.10.10"]
[SourceQuality "1"]

1. e4 Nf6 2. Nc3 d6 3. d4 g6 4. f3 Bg7 5. Be3 Nbd7 6. Qd2 h5 7. O-O-O c6 8. Nh3 Qa5 9. Bc4 b5 10. Bb3 b4 11. Ne2 Ba6 12. Nef4 c5 13. dxc5 Nxc5 14. Bxc5 Qxc5 15. Ba4+ Kf8 16. Kb1 Bh6 17. Qe1 Kg7 18. Nd5 Nxd5 19. Rxd5 Qb6 20. Qg3 Be3 21. f4 Bc4 22. Rg5 h4 23. Qf3 Bd4 24. Rd1 Bf6 25. Rg4 Qa6 26. Re1 Qxa4 27. b3 Qa5 28. e5 dxe5 29. fxe5 Bxe5 30. Rxc4 Bf6 31. Qf4 Rhd8 32. Nf2 Qa3 33. Qc1 Qxc1+ 34. Kxc1 Rac8 35. Rxc8 Rxc8 36. Rd1 Rc5 37. Ne4 Bg5+ 38. Kb2 Re5 39. Rd4 a5 40. Nxg5 Rxg5 41. Rd2 Rc5 42. a3 e5 43. axb4 axb4 44. Rd7 Rb5 45. c4 bxc3+ 46. Kxc3 Kf6 47. Kc4 Rb8 48. b4 Ke6 49. Rc7 e4 50. b5 f5 51. Rc6+ Ke5 52. Rxg6 Rc8+ 53. Rc6 Rxc6+ 54. bxc6 Kd6 55. Kd4 Kxc6 56. g4 hxg3 57. hxg3 Kd6 58. g4 Ke6 59. gxf5+ Kxf5 60. Ke3 Ke5 61. Ke2 Kd5 62. Ke3 Ke5 63. Ke2 Kf4 64. Kf2 e3+ 65. Ke2 Ke4 66. Ke1 Kd4 67. Ke2 Ke4 68. Ke1 Kd3 69. Kd1 Kc3 70. Ke2 Kd4 71. Ke1 Ke4 72. Ke2 Kf4 73. Ke1 Kf3 74. Kf1 Ke4 75. Ke2 Kf4 76. Ke1 Kf5 77. Ke2 Ke4 1/2-1/2

[Event "Las Americas op U2400 Hybrid"]
[Site "Internet"]
[Date "2022.06.04"]
[Round "4.6"]
[White "Hernandez Guerrero, Eduardo"]
[Black "Mendes, Aaron Reeve"]
[Result "1/2-1/2"]
[WhiteElo "2220"]
[BlackElo "1726"]
[PlyCount "99"]
[GameId "1938555359744000"]
[EventDate "2022.06.04"]
[EventType "swiss"]
[EventRounds "6"]
[EventCountry "VEN"]
[SourceTitle "EXT 2024"]
[Source "ChessBase"]
[SourceDate "2023.10.10"]
[SourceVersion "1"]
[SourceVersionDate "2023.10.10"]
[SourceQuality "1"]

1. e4 c5 2. Nf3 d6 3. d4 cxd4 4. Nxd4 Nf6 5. Nc3 a6 6. Be3 e5 7. Nb3 Be7 8. f3 Be6 9. Qd2 Nbd7 10. g4 Rc8 11. g5 Nh5 12. Nd5 Bxd5 13. exd5 Nf4 14. h4 h6 15. Bxf4 exf4 16. Bh3 hxg5 17. hxg5 Bxg5 18. O-O-O Rc7 19. Bxd7+ Kxd7 20. Qg2 Rxh1 21. Qg4+ Ke8 22. Rxh1 Bh6 23. Nd4 Qg5 24. Nf5 Qxg4 25. fxg4 f3+ 26. Nxh6 gxh6 27. Rxh6 Rc4 28. Rf6 Rxg4 29. Rxf3 Rg5 30. c4 b5 31. cxb5 axb5 32. Rd3 Re5 33. Kc2 f5 34. Kc3 Re4 35. Rd4 Re5 36. Kb4 Re2 37. b3 Rxa2 38. Kxb5 Ke7 39. Rd1 f4 40. Re1+ Kf7 41. Re4 Kf6 42. Re6+ Kf5 43. Rxd6 f3 44. Rd8 f2 45. Kc5 Ke5 46. Re8+ Kf6 47. Rf8+ Ke5 48. Re8+ Kf6 49. Rf8+ Ke5 50. Re8+ 1/2-1/2

[Event "Las Americas op U2400 Hybrid"]
[Site "Internet"]
[Date "2022.06.04"]
[Round "5.10"]
[White "Mendes, Aaron Reeve"]
[Black "Alvarez, Leandro"]
[Result "1-0"]
[WhiteElo "1726"]
[BlackElo "2108"]
[PlyCount "85"]
[GameId "1938555359838208"]
[EventDate "2022.06.04"]
[EventType "swiss"]
[EventRounds "6"]
[EventCountry "VEN"]
[SourceTitle "EXT 2024"]
[Source "ChessBase"]
[SourceDate "2023.10.10"]
[SourceVersion "1"]
[SourceVersionDate "2023.10.10"]
[SourceQuality "1"]

1. e4 d6 2. d4 Nf6 3. Nc3 g6 4. f3 c6 5. Be3 b5 6. Bd3 Nbd7 7. Nge2 Bb7 8. a3 a6 9. O-O Bg7 10. Re1 O-O 11. Qd2 c5 12. Ng3 e5 13. d5 h5 14. a4 b4 15. Nd1 h4 16. Nf1 Nh5 17. Bg5 Bf6 18. Bh6 Re8 19. a5 Kh7 20. Be3 Bc8 21. b3 Nf4 22. g3 hxg3 23. hxg3 Nh3+ 24. Kg2 Nf8 25. Nf2 Nxf2 26. Qxf2 Kg7 27. Nd2 Nh7 28. Nc4 Rh8 29. Rh1 Ng5 30. Rxh8 Qxh8 31. Rh1 Qd8 32. Qg1 Nh3 33. Qh2 Bg5 34. f4 exf4 35. gxf4 Bh6 36. Nb6 Bg4 37. Qg3 Bd7 38. Nxa8 Qxa8 39. f5 Bxf5 40. Bxh6+ Kxh6 41. exf5 Qxd5+ 42. Qf3 Kg7 43. Rxh3 1-0

[Event "Las Americas op U2400 Hybrid"]
[Site "Internet"]
[Date "2022.06.04"]
[Round "6.5"]
[White "Palma Villanueva, Miguel Tadeo"]
[Black "Mendes, Aaron Reeve"]
[Result "1-0"]
[WhiteElo "2089"]
[BlackElo "1726"]
[PlyCount "133"]
[GameId "1938555359895552"]
[EventDate "2022.06.04"]
[EventType "swiss"]
[EventRounds "6"]
[EventCountry "VEN"]
[SourceTitle "EXT 2024"]
[Source "ChessBase"]
[SourceDate "2023.10.10"]
[SourceVersion "1"]
[SourceVersionDate "2023.10.10"]
[SourceQuality "1"]

1. e4 c5 2. Nf3 d6 3. d4 cxd4 4. Qxd4 e5 5. Qe3 Nf6 6. h3 Be7 7. c4 O-O 8. Bd3 h6 9. Nc3 Be6 10. O-O Na6 11. b3 Nc5 12. Be2 a6 13. Rd1 Qc7 14. Bb2 Rac8 15. Rac1 Qb8 16. b4 Ncd7 17. Nd5 Bxd5 18. cxd5 Nh7 19. a4 Ng5 20. Nd2 Bd8 21. Rxc8 Qxc8 22. Rc1 Qb8 23. a5 b6 24. axb6 Bxb6 25. Qd3 a5 26. h4 Nh7 27. Nc4 axb4 28. Nxb6 Qxb6 29. Rc6 Qb8 30. Qb5 Qxb5 31. Bxb5 Nc5 32. Rxd6 Nxe4 33. Rb6 Nc3 34. Bc6 Nf6 35. d6 Rd8 36. d7 Nxd7 37. Rxb4 Nb8 38. Bf3 e4 39. Bh5 Nd1 40. Rd4 Rxd4 41. Bxd4 Nc6 42. Ba1 Nxf2 43. Kxf2 g6 44. Bd1 f5 45. Ke3 Kh7 46. Bb3 Nb4 47. Bc3 Nc6 48. Bd5 Ne7 49. Bf7 Nc8 50. Be6 Ne7 51. Kf4 Ng8 52. Bxg8+ Kxg8 53. Bd2 Kf7 54. Ke5 Kg7 55. Ke6 f4 56. Bxf4 g5 57. hxg5 hxg5 58. Be3 Kg6 59. g4 Kh6 60. Kf6 Kh7 61. Bxg5 Kg8 62. Be3 Kh8 63. g5 Kg8 64. Kg6 Kh8 65. Kf7 Kh7 66. g6+ Kh8 67. Bd4# 1-0

[Event "Wch U10"]
[Site "Batumi"]
[Date "2022.09.17"]
[Round "2"]
[White "Mendes, Aaron Reeve"]
[Black "Bekmukhanov, Sauran"]
[Result "1-0"]
[WhiteElo "1990"]
[BlackElo "1500"]
[PlyCount "41"]
[GameId "1830578095685632"]
[EventDate "2022.09.16"]
[EventType "swiss"]
[EventRounds "11"]
[EventCountry "GEO"]
[SourceTitle "EXT 2023"]
[Source "ChessBase"]
[SourceDate "2022.10.05"]
[SourceVersion "1"]
[SourceVersionDate "2022.10.05"]
[SourceQuality "1"]

1. e4 e5 2. Nf3 Nf6 3. d4 Nxe4 4. Bd3 d5 5. Nxe5 Bd6 6. O-O O-O 7. Nd2 f5 8. Ndf3 Nd7 9. c4 Nxe5 10. dxe5 Bc5 11. Qc2 c6 12. a3 Bb6 13. b4 dxc4 14. Qxc4+ Kh8 15. Bb2 Ng5 16. Nxg5 Qxg5 17. e6 f4 18. Rae1 f3 19. g3 Qe7 20. Qe4 Rf6 21. Qxh7# 1-0

[Event "Wch U10"]
[Site "Batumi"]
[Date "2022.09.19"]
[Round "4"]
[White "Mendes, Aaron Reeve"]
[Black "Unsal, Gorkem"]
[Result "1/2-1/2"]
[WhiteElo "1990"]
[BlackElo "1697"]
[PlyCount "189"]
[GameId "1830578098683904"]
[EventDate "2022.09.16"]
[EventType "swiss"]
[EventRounds "11"]
[EventCountry "GEO"]
[SourceTitle "EXT 2023"]
[Source "ChessBase"]
[SourceDate "2022.10.05"]
[SourceVersion "1"]
[SourceVersionDate "2022.10.05"]
[SourceQuality "1"]

1. e4 c5 2. Nf3 Nc6 3. Bb5 g6 4. O-O Bg7 5. Re1 Nf6 6. c3 O-O 7. d4 d5 8. e5 Ne4 9. Nbd2 Bf5 10. Nh4 cxd4 11. Nxf5 gxf5 12. Bxc6 bxc6 13. cxd4 c5 14. Nb3 c4 15. Nd2 Qb6 16. Nb1 f6 17. e6 f4 18. Nc3 Qxe6 19. Bxf4 Qf5 20. Qf3 Nxc3 21. bxc3 Qd7 22. Qg3 Kh8 23. Re3 Rf7 24. Rae1 Rg8 25. Qh3 Qxh3 26. Rxh3 Rd8 27. Rhe3 Rd7 28. Rb1 h6 29. Bg3 Kh7 30. h4 h5 31. Re2 Kg6 32. f3 Kf5 33. Rbe1 Bh6 34. Bh2 Rg7 35. Rb1 e6 36. Rbe1 Rge7 37. Rf1 Kg6 38. g4 Rb7 39. Bd6 Re8 40. Rfe1 Kf7 41. Rg2 Rg8 42. Bb4 Bf4 43. gxh5 Rxg2+ 44. Kxg2 Rb8 45. Rh1 Rg8+ 46. Kf2 e5 47. Rb1 Rb8 48. Rb2 Bc1 49. Rb1 Ba3 50. Rd1 Bxb4 51. cxb4 Rxb4 52. dxe5 c3 53. Rxd5 Rc4 54. Rd1 c2 55. Rc1 Rxh4 56. exf6 Rxh5 57. Ke3 Kxf6 58. Rxc2 Ra5 59. Kf4 Ra4+ 60. Kg3 Ra3 61. Kg4 Ra4+ 62. f4 Kg6 63. Rd2 Kf6 64. Rc2 Kg6 65. Rc6+ Kf7 66. Kg5 Rxa2 67. Rc7+ Kf8 68. f5 Ra6 69. Rb7 Kg8 70. Kf4 Ra5 71. Re7 Kf8 72. Rc7 Kg8 73. Kg4 Kf8 74. Kg5 Ra6 75. Rc1 Kf7 76. Rc5 Kg7 77. Rc7+ Kf8 78. Rb7 Kg8 79. Re7 Kf8 80. Rh7 Kg8 81. Rd7 Kf8 82. Rc7 Kg8 83. Re7 Kf8 84. Rd7 Kg8 85. f6 Ra1 86. Kg6 Rg1+ 87. Kh5 a5 88. Ra7 a4 89. Rxa4 Kf7 90. Ra6 Rg2 91. Rb6 Rg1 92. Rb4 Kxf6 93. Rf4+ Ke5 94. Rg4 Rxg4 95. Kxg4 1/2-1/2

[Event "Titled Tuesday intern op 03rd Jan Late"]
[Site "Chess.com INT"]
[Date "2023.01.03"]
[Round "4"]
[White "Mendes, Aaron Reeve"]
[Black "Torres Dominguez, David"]
[Result "1-0"]
[WhiteElo "1989"]
[BlackElo "1998"]
[PlyCount "69"]
[GameId "1867342233317376"]
[EventDate "2023.01.03"]
[EventType "swiss (blitz)"]
[EventRounds "11"]
[EventCountry "USA"]
[SourceTitle "EXT 2024"]
[Source "ChessBase"]
[SourceDate "2023.10.10"]
[SourceVersion "1"]
[SourceVersionDate "2023.10.10"]
[SourceQuality "1"]

1. e4 Nc6 2. d4 e5 3. d5 Nce7 4. d6 cxd6 5. Nc3 Ng6 6. g3 Nf6 7. Bg2 d5 8. exd5 Bb4 9. Nge2 d6 10. h4 h6 11. a3 Ba5 12. Be3 Bd7 13. Qd3 O-O 14. O-O-O b5 15. Qd2 Ng4 16. h5 Ne7 17. f3 Nxe3 18. Qxe3 b4 19. axb4 Bxb4 20. g4 Qa5 21. Bh3 Bc5 22. Qe4 Rab8 23. g5 Bxh3 24. Rxh3 f5 25. gxf6 Rxf6 26. f4 Rb4 27. Qf3 Nf5 28. Qd3 exf4 29. Ne4 Be3+ 30. Rxe3 Rf7 31. Rf3 Rfb7 32. b3 Qa3+ 33. Kd2 Qa5 34. N2c3 Ne3 35. Rg1 1-0

[Event "Titled Tuesday intern op 10th Jan Late"]
[Site "Chess.com INT"]
[Date "2023.01.10"]
[Round "6"]
[White "Barrientos Chavarriaga, Sergio E"]
[Black "Mendes, Aaron Reeve"]
[Result "1-0"]
[WhiteElo "2479"]
[BlackElo "1989"]
[PlyCount "119"]
[GameId "1869892233355264"]
[EventDate "2023.01.10"]
[EventType "swiss (blitz)"]
[EventRounds "11"]
[EventCountry "USA"]
[SourceTitle "EXT 2024"]
[Source "ChessBase"]
[SourceDate "2023.10.10"]
[SourceVersion "1"]
[SourceVersionDate "2023.10.10"]
[SourceQuality "1"]

1. c4 e5 2. g3 c6 3. d4 e4 4. Nc3 d5 5. cxd5 cxd5 6. Qb3 Nf6 7. Bg5 Nc6 8. e3 Bb4 9. Nge2 Bg4 10. a3 Bf3 11. Rg1 Bxe2 12. Bxe2 Bxc3+ 13. bxc3 O-O 14. Bxf6 gxf6 15. Kf1 Rc8 16. Kg2 Na5 17. Qb4 b6 18. Rgc1 Nc4 19. a4 Qd7 20. Rab1 Rc7 21. Qb5 Qe6 22. Bxc4 Rxc4 23. a5 bxa5 24. Qxa5 Rfc8 25. Qxa7 Rxc3 26. Rxc3 Rxc3 27. Rb8+ Kg7 28. Qa8 Qd6 29. Rg8+ Kh6 30. Qe8 Rc7 31. Rg4 f5 32. Rf4 Qe6 33. Qf8+ Kg5 34. Qg8+ Kf6 35. g4 Ke7 36. Rxf5 Kd6 37. Qd8+ Kc6 38. Rf6 Rd7 39. Rxe6+ fxe6 40. Qf6 Kd6 41. f3 exf3+ 42. Kxf3 Rc7 43. Qe5+ Kd7 44. h4 Rc1 45. h5 Rf1+ 46. Kg2 Rf7 47. g5 Re7 48. g6 hxg6 49. hxg6 Re8 50. Qf6 Rg8 51. Qf7+ Kd6 52. Qxg8 Ke7 53. Qf7+ Kd6 54. g7 Kc6 55. Qxe6+ Kb5 56. Qxd5+ Kb4 57. Qc5+ Kb3 58. g8=Q+ Kb2 59. Qb8+ Ka1 60. Qca7# 1-0

[Event "Titled Tuesday intern op 10th Jan Late"]
[Site "Chess.com INT"]
[Date "2023.01.10"]
[Round "8"]
[White "Mendes, Aaron Reeve"]
[Black "Soto Hernandez, Henry"]
[Result "0-1"]
[WhiteElo "1989"]
[BlackElo "2483"]
[PlyCount "52"]
[GameId "1869892234235904"]
[EventDate "2023.01.10"]
[EventType "swiss (blitz)"]
[EventRounds "11"]
[EventCountry "USA"]
[SourceTitle "EXT 2024"]
[Source "ChessBase"]
[SourceDate "2023.10.10"]
[SourceVersion "1"]
[SourceVersionDate "2023.10.10"]
[SourceQuality "1"]

1. e4 c6 2. Nf3 d5 3. Nc3 Bg4 4. exd5 cxd5 5. Bb5+ Nc6 6. d4 e6 7. h3 Bxf3 8. Qxf3 Bd6 9. O-O Nge7 10. Qg4 O-O 11. Bg5 Qc7 12. Bf6 Ng6 13. Bg5 Qb6 14. Be3 f5 15. Qe2 f4 16. Na4 Qc7 17. Bxc6 bxc6 18. Bd2 Rae8 19. Rfe1 f3 20. Qa6 fxg2 21. Qd3 Nh4 22. f4 Bxf4 23. Bxf4 Qxf4 24. Qe3 Nf3+ 25. Kxg2 Qh2+ 26. Kf1 Nd2# 0-1

[Event "Titled Tuesday intern op 24th Jan Late"]
[Site "Chess.com INT"]
[Date "2023.01.24"]
[Round "3"]
[White "Mendes, Aaron Reeve"]
[Black "Smith, Garrett L"]
[Result "1-0"]
[WhiteElo "1989"]
[BlackElo "2047"]
[PlyCount "67"]
[GameId "1874951558676480"]
[EventDate "2023.01.24"]
[EventType "swiss (blitz)"]
[EventRounds "11"]
[EventCountry "USA"]
[SourceTitle "EXT 2024"]
[Source "ChessBase"]
[SourceDate "2023.10.10"]
[SourceVersion "1"]
[SourceVersionDate "2023.10.10"]
[SourceQuality "1"]

1. e4 c5 2. Nf3 Nc6 3. Bb5 e6 4. Bxc6 bxc6 5. b3 d6 6. Bb2 e5 7. O-O Ne7 8. c3 Ng6 9. d4 cxd4 10. cxd4 exd4 11. Nxd4 Qb6 12. Nf5 Bxf5 13. exf5 Ne5 14. Kh1 O-O-O 15. Nc3 d5 16. Qe2 Bd6 17. f4 Nd7 18. Rac1 Kb8 19. Na4 Qb7 20. Bd4 Rhe8 21. Qb2 f6 22. b4 Re4 23. Qc3 Bxf4 24. Rb1 Be5 25. Bxe5+ Rxe5 26. Nc5 Qb5 27. a4 Qc4 28. Qg3 Nxc5 29. bxc5+ Kc7 30. Qxg7+ Rd7 31. Rb7+ Kxb7 32. Qxd7+ Ka6 33. Qxc6+ Ka5 34. Rb1 1-0

[Event "Titled Tuesday intern op 24th Jan Late"]
[Site "Chess.com INT"]
[Date "2023.01.24"]
[Round "6"]
[White "Mendes, Aaron Reeve"]
[Black "Msellek, Ilyass"]
[Result "0-1"]
[WhiteElo "1989"]
[BlackElo "2406"]
[PlyCount "64"]
[GameId "1874951560728576"]
[EventDate "2023.01.24"]
[EventType "swiss (blitz)"]
[EventRounds "11"]
[EventCountry "USA"]
[SourceTitle "EXT 2024"]
[Source "ChessBase"]
[SourceDate "2023.10.10"]
[SourceVersion "1"]
[SourceVersionDate "2023.10.10"]
[SourceQuality "1"]

1. e4 c6 2. Nf3 d5 3. Nc3 Bg4 4. exd5 cxd5 5. d4 Nc6 6. Bb5 e6 7. h3 Bxf3 8. Qxf3 Bd6 9. Qg4 Nge7 10. Qxg7 Rg8 11. Qxh7 Rxg2 12. Be3 Qa5 13. Bxc6+ bxc6 14. Ke2 Rb8 15. Rhb1 Nf5 16. Kf3 Rg7 17. Qh8+ Kd7 18. Qh5 Rbg8 19. Ke2 Qa6+ 20. Kd2 Rg2 21. Ne2 Nxe3 22. fxe3 f5 23. a4 c5 24. c3 cxd4 25. exd4 Bf4+ 26. Ke1 Qd3 27. Qf7+ Kd6 28. Qxe6+ Kc7 29. Qe7+ Kc6 30. Qe6+ Bd6 31. Nf4 Qd2+ 32. Kf1 Qf2# 0-1

[Event "Titled Tuesday intern op 24th Jan Late"]
[Site "Chess.com INT"]
[Date "2023.01.24"]
[Round "7"]
[White "Mendes, Aaron Reeve"]
[Black "Pinheiro, Iung Alicio"]
[Result "1-0"]
[WhiteElo "1989"]
[BlackElo "2320"]
[PlyCount "77"]
[GameId "1874951561203712"]
[EventDate "2023.01.24"]
[EventType "swiss (blitz)"]
[EventRounds "11"]
[EventCountry "USA"]
[SourceTitle "EXT 2024"]
[Source "ChessBase"]
[SourceDate "2023.10.10"]
[SourceVersion "1"]
[SourceVersionDate "2023.10.10"]
[SourceQuality "1"]

1. e4 c5 2. Nf3 Nc6 3. Bb5 e5 4. Bxc6 dxc6 5. b3 Bd6 6. Bb2 f6 7. h4 Bg4 8. h5 Nh6 9. d3 Qd7 10. Nbd2 Qf7 11. Nc4 Bc7 12. a4 a5 13. Bc1 Ng8 14. Nfxe5 fxe5 15. Qxg4 Nf6 16. Qe2 b5 17. Ne3 O-O 18. Nf5 Kh8 19. g4 Nd7 20. g5 Qe6 21. g6 Rxf5 22. exf5 Qxf5 23. gxh7 Nf6 24. h6 g6 25. Bb2 Kxh7 26. O-O-O bxa4 27. f4 axb3 28. Bxe5 bxc2 29. Rdf1 Bd8 30. Kxc2 Nd5 31. Qe4 Nb4+ 32. Kd2 Qf7 33. f5 Bg5+ 34. Ke2 Qa2+ 35. Kf3 Rf8 36. Kg4 gxf5+ 37. Rxf5 Qe6 38. Rhf1 Bxh6 39. Kh4 1-0

[Event "Titled Tuesday intern op 7th Mar Late"]
[Site "Chess.com INT"]
[Date "2023.03.07"]
[Round "10"]
[White "Becerra, Juan David"]
[Black "Mendes, Aaron Reeve"]
[Result "1-0"]
[WhiteElo "2383"]
[BlackElo "2067"]
[PlyCount "77"]
[GameId "1890202818072576"]
[EventDate "2023.03.07"]
[EventType "swiss (blitz)"]
[EventRounds "11"]
[EventCountry "USA"]
[SourceTitle "EXT 2024"]
[Source "ChessBase"]
[SourceDate "2023.10.10"]
[SourceVersion "1"]
[SourceVersionDate "2023.10.10"]
[SourceQuality "1"]

1. e4 c5 2. d4 cxd4 3. c3 dxc3 4. Nxc3 d6 5. Bc4 Nf6 6. e5 Nfd7 7. Bxf7+ Kxf7 8. e6+ Kxe6 9. Qd5+ Kf6 10. Ne4+ Kg6 11. h4 h5 12. Ne2 e5 13. g4 hxg4 14. h5+ Rxh5 15. Nf4+ Kf5 16. Rxh5+ g5 17. Rxg5+ Qxg5 18. Nxg5 Nf6 19. Qf7 exf4 20. Qxf8 Nbd7 21. Qg7 Ne5 22. Bd2 Nd3+ 23. Kf1 Bd7 24. Bc3 Ne5 25. Bxe5 dxe5 26. Nh7 Bb5+ 27. Kg1 Nd7 28. Qf7+ Ke4 29. Re1+ Kd4 30. Rd1+ Kc5 31. Rxd7 Bxd7 32. Qxd7 Rg8 33. Qe7+ Kd4 34. Qd6+ Ke4 35. Nf6+ Kf5 36. Nxg8 g3 37. f3 Kg5 38. Qf6+ Kh5 39. Qh6# 1-0

[Event "Titled Tuesday intern op 11th Apr Late"]
[Site "Chess.com INT"]
[Date "2023.04.11"]
[Round "1"]
[White "Vakhlamov, Igor L"]
[Black "Mendes, Aaron Reeve"]
[Result "1-0"]
[WhiteElo "2413"]
[BlackElo "2043"]
[PlyCount "93"]
[GameId "1902839331459072"]
[EventDate "2023.04.11"]
[EventType "swiss (blitz)"]
[EventRounds "11"]
[EventCountry "USA"]
[SourceTitle "CBM 213 Extra"]
[Source "ChessBase"]
[SourceDate "2023.05.31"]
[SourceVersion "1"]
[SourceVersionDate "2023.05.31"]
[SourceQuality "1"]

1. e4 c5 2. Nf3 d6 3. Nc3 Nf6 4. d4 cxd4 5. Qxd4 Nc6 6. Bb5 Bd7 7. Bxc6 Bxc6 8. Bg5 e6 9. O-O-O Be7 10. Rhe1 O-O 11. e5 dxe5 12. Nxe5 Qxd4 13. Rxd4 Bxg2 14. Nd7 Rfd8 15. Bxf6 gxf6 16. Rg1 e5 17. Rxg2+ Kh8 18. Rd3 Rac8 19. Ne4 f5 20. Nxe5 Rf8 21. Nd6 Bxd6 22. Rxd6 f6 23. Nf3 Rce8 24. Rd7 Re4 25. Rgg7 Rc8 26. Rxh7+ Kg8 27. Rdg7+ Kf8 28. Rxb7 Kg8 29. Rbg7+ Kf8 30. Rxa7 Kg8 31. Rag7+ Kf8 32. Rc7 Rxc7 33. Rxc7 Rf4 34. Rc3 Rg4 35. b3 Rg2 36. a4 Rxf2 37. a5 Re2 38. a6 Re8 39. b4 Rb8 40. a7 Ra8 41. Rc7 Kg8 42. b5 Kh8 43. b6 Kg8 44. b7 Rf8 45. b8=Q f4 46. Qxf8+ Kxf8 47. a8=Q# 1-0

[Event "Titled Tuesday intern op 11th Apr Late"]
[Site "Chess.com INT"]
[Date "2023.04.11"]
[Round "2"]
[White "Mendes, Aaron Reeve"]
[Black "Moreira, Ronaldo Alonso"]
[Result "1-0"]
[WhiteElo "2043"]
[BlackElo "2088"]
[PlyCount "51"]
[GameId "1902839332212736"]
[EventDate "2023.04.11"]
[EventType "swiss (blitz)"]
[EventRounds "11"]
[EventCountry "USA"]
[SourceTitle "CBM 213 Extra"]
[Source "ChessBase"]
[SourceDate "2023.05.31"]
[SourceVersion "1"]
[SourceVersionDate "2023.05.31"]
[SourceQuality "1"]

1. e4 e6 2. Nf3 d5 3. Nc3 d4 4. Ne2 c5 5. d3 Nc6 6. g3 e5 7. Bg2 g6 8. O-O Bg7 9. Nd2 Nge7 10. f4 f5 11. a4 O-O 12. Nc4 Qc7 13. fxe5 Nxe5 14. Bf4 N7c6 15. c3 Be6 16. cxd4 cxd4 17. exf5 Bxf5 18. Bxc6 bxc6 19. Nxd4 Rad8 20. Nxf5 Rxf5 21. Qe2 Qd7 22. Bxe5 Bxe5 23. Rxf5 Bd4+ 24. Rf2 Rf8 25. Raf1 Qd5 26. Ne3 1-0

[Event "Titled Tuesday intern op 11th Apr Late"]
[Site "Chess.com INT"]
[Date "2023.04.11"]
[Round "4"]
[White "Pakleza, Zbigniew"]
[Black "Mendes, Aaron Reeve"]
[Result "1-0"]
[WhiteElo "2494"]
[BlackElo "2043"]
[PlyCount "173"]
[GameId "1902839334084608"]
[EventDate "2023.04.11"]
[EventType "swiss (blitz)"]
[EventRounds "11"]
[EventCountry "USA"]
[SourceTitle "CBM 213 Extra"]
[Source "ChessBase"]
[SourceDate "2023.05.31"]
[SourceVersion "1"]
[SourceVersionDate "2023.05.31"]
[SourceQuality "1"]

1. d4 Nf6 2. Nf3 d5 3. Bf4 e6 4. Nbd2 Bd6 5. Bg3 c5 6. c3 Nc6 7. e3 a6 8. Bd3 O-O 9. Ne5 Qc7 10. f4 Nd7 11. O-O f6 12. Qh5 f5 13. Bh4 Nf6 14. Bxf6 gxf6 15. Nef3 Qf7 16. Qh4 Kh8 17. Kh1 b5 18. a3 Qg7 19. Rg1 Qe7 20. b4 c4 21. Bc2 a5 22. h3 axb4 23. axb4 Rxa1 24. Rxa1 Bb7 25. g4 fxg4 26. hxg4 Ra8 27. Rxa8+ Bxa8 28. Kg2 e5 29. Bxh7 e4 30. Bxe4+ Kg8 31. Bxd5+ Kg7 32. Ne4 Bb7 33. Ng3 Nxd4 34. exd4 Bxd5 35. Nf5+ Kf7 36. Nxe7 Kxe7 37. Qh7+ Kd8 38. Qf5 Bxf3+ 39. Kxf3 Ke7 40. Ke4 Kf7 41. Kd5 Be7 42. Qe6+ Kf8 43. Kc6 Ke8 44. Kxb5 Kf8 45. Kxc4 Ke8 46. Kd3 f5 47. gxf5 Kf8 48. b5 Ke8 49. c4 Kf8 50. d5 Ke8 51. Ke4 Kf8 52. Kf3 Ke8 53. Kg4 Kf8 54. Kh5 Ke8 55. c5 Kf8 56. c6 Ke8 57. b6 Kf8 58. b7 Ke8 59. Kg4 Kf8 60. Kf3 Ke8 61. Ke4 Kf8 62. Kd3 Ke8 63. Kc4 Kf8 64. Kb3 Ke8 65. Ka4 Kf8 66. Kb5 Ke8 67. Ka6 Kf8 68. Ka7 Ke8 69. Ka8 Kf8 70. Kb8 Ke8 71. c7 Kf8 72. Ka8 Ke8 73. Ka7 Kf8 74. Ka6 Ke8 75. Kb5 Kf8 76. Ka5 Ke8 77. Kb5 Kf8 78. Kc4 Ke8 79. Kd3 Kf8 80. Ke4 Ke8 81. Kf3 Kf8 82. Kg4 Ke8 83. f6 Kf8 84. Qxe7+ Kg8 85. f7+ Kg7 86. f8=Q+ Kg6 87. f5# 1-0

[Event "Titled Tuesday intern op 11th Apr Late"]
[Site "Chess.com INT"]
[Date "2023.04.11"]
[Round "5"]
[White "Mendes, Aaron Reeve"]
[Black "Martin Fuentes, Alberto"]
[Result "0-1"]
[WhiteElo "2043"]
[BlackElo "2388"]
[PlyCount "66"]
[GameId "1902839334576128"]
[EventDate "2023.04.11"]
[EventType "swiss (blitz)"]
[EventRounds "11"]
[EventCountry "USA"]
[SourceTitle "CBM 213 Extra"]
[Source "ChessBase"]
[SourceDate "2023.05.31"]
[SourceVersion "1"]
[SourceVersionDate "2023.05.31"]
[SourceQuality "1"]

1. e4 e6 2. Nc3 d5 3. Nf3 d4 4. Ne2 c5 5. d3 Nc6 6. g3 g6 7. Bg2 Bg7 8. O-O Nge7 9. Nd2 O-O 10. f4 f5 11. a4 Rb8 12. b3 b6 13. Nc4 Bb7 14. Bb2 Qc7 15. Kh1 Nb4 16. Nd2 fxe4 17. Nxe4 Nf5 18. Qd2 Ne3 19. Rfc1 Nxg2 20. Kxg2 Nd5 21. c3 dxc3 22. N2xc3 Rbd8 23. Kh3 Qd7 24. Kg2 Bd4 25. Nd1 Nf6 26. Bxd4 Qxd4 27. Qb2 Qxd3 28. Ndf2 Bxe4+ 29. Kh3 Qf3 30. Nxe4 Nxe4 31. Rf1 Qh5+ 32. Kg2 Rd2+ 33. Kg1 Qxh2# 0-1